| 000 | 00490nam a22001697a 4500 | ||
|---|---|---|---|
| 005 | 20251108171132.0 | ||
| 008 | 250721s1985 xx 000 0 ara d | ||
| 082 | 1 | 4 | _a214/بغد |
| 100 | 1 | _aالبغدادي، محمد صالح | |
| 245 | 1 | 0 | _aأرشاد الأنام في عقائد الإسلام / |
| 264 |
_bدار البراء، _c1985. |
||
| 300 | _a188ص. | ||
| 650 | 1 | 7 | _aالتوحيد |
| 650 | 1 | 7 | _aأصول الدين الإسلامي |
| 942 |
_2ddc _cBK |
||
| 999 |
_c57508 _d57508 |
||